|
|
|
|
| LEADER |
00000nab a2200000uu 4500 |
| 001 |
vtls010888119 |
| 003 |
SK-MaSNL |
| 005 |
20260303110902.0 |
| 008 |
230121|1977 xo |||||||||||||||||slo| |
| 015 |
|
|
|a SNBRB
|
| 035 |
|
|
|a (urnnbn)urn:nbn:sk:snk:ar-003xwq
|
| 035 |
|
|
|a (uuid)1c36eb1e-a0fd-42fb-924a-19de0ddad87c
|
| 035 |
|
|
|a urn:nbn:sk:snk-ab8ip6
|
| 040 |
|
|
|a SNKBUCL
|b slo
|c SNKBUCL
|e AACR2
|
| 041 |
0 |
|
|a slo
|
| 044 |
|
|
|a xo
|c SK
|
| 100 |
1 |
|
|a Vyvíjalová, Mária,
|d 1921-2004
|4 aut
|9 105262
|
| 245 |
1 |
0 |
|a O politickom, filozofickom a konfesionálnom charaktere Apológie
|c Mária Vyvíjalová
|
| 600 |
1 |
7 |
|a Magin, Ján Baltazár,
|d 1681-1735
|t Apológia
|2 SNK
|9 115230
|
| 655 |
|
7 |
|a štúdie
|2 SNKPH
|9 57033
|
| 773 |
0 |
|
|t Historický časopis
|g Roč. 25, č. 2 (1977), s. 261-270
|
| 954 |
|
|
|a odborná, vedecká literatúra pôvodná (slovenská)
|2 lita
|
| 958 |
|
|
|a OND
|
| 958 |
|
|
|a EUIPO
|
| 958 |
|
|
|a article10
|
| 999 |
|
|
|c 1873513
|d 1875443
|